The study skills handbook.

Uloženo v:
Podrobná bibliografie
Hlavní autor: Cottrell, Stella (Autor)
Médium: Neznámo
Vydáno: London, United Kingdom: Red Globe Press, 2019.
Vydání:Fifth Edition.
Témata:
Tagy: Přidat tag
Žádné tagy, Buďte první, kdo vytvoří štítek k tomuto záznamu!

MARC

LEADER 00000 a2200000 4500
003 CL-VaPUC
005 20230717172716.0
008 230710t2019 ||||| |||| 00| 0 eng d
999 |c 441167  |d 441165 
020 |a 9781137610874 
040 |c Pontificia Universidad Católica de Valparaíso 
082 7 |a 378.170281 COT 2019  |2 23 
100 |a Cottrell, Stella   |9 883122  |e author 
245 1 4 |a The study skills handbook. 
250 |a Fifth Edition.  
260 |a London, United Kingdom:  |b Red Globe Press,  |c 2019. 
300 |a 432 páginas.  
583 |k GC  |c 20230710 
650 0 |a Habilidades de estudio.  |9 814887  |v Manuales 
650 0 |a Técnicas de estudio  |9 424342  |v Manuales  
942 |2 ddc  |c BK 
952 |0 0  |1 0  |2 ddc  |4 0  |6 378_170281000000000_COT_2019  |7 0  |8 A  |9 590799  |a BIBEDU  |b BIBEDU  |c GEN  |d 2023-07-10  |e 3  |g 25929.00  |i 5657996  |o 378.170281 COT 2019  |p 5657996  |r 2023-07-10  |t 4  |v 25929.00  |w 2023-07-10  |y BK  |k LIT 
952 |0 0  |1 0  |2 ddc  |4 0  |6 378_170281000000000_COT_2019  |7 0  |8 A  |9 590800  |a BIBEDU  |b BIBEDU  |c GEN  |d 2023-07-10  |e 3  |g 25929.00  |i 5657997  |o 378.170281 COT 2019  |p 5657997  |r 2023-07-10  |t 5  |v 25929.00  |w 2023-07-10  |y BK  |k LIT 
952 |0 0  |1 0  |2 ddc  |4 0  |6 378_170281000000000_COT_2019  |7 0  |8 A  |9 590801  |a BIBEDU  |b BIBEDU  |c GEN  |d 2023-07-10  |e 3  |g 25929.00  |i 5657995  |o 378.170281 COT 2019  |p 5657995  |r 2023-07-10  |t 3  |v 25929.00  |w 2023-07-10  |y BK  |k LIT 
952 |0 0  |1 0  |2 ddc  |4 0  |6 378_170281000000000_COT_2019  |7 0  |8 A  |9 590802  |a BIBEDU  |b BIBEDU  |c GEN  |d 2023-07-10  |e 3  |g 25929.00  |i 5657999  |l 1  |m 2  |o 378.170281 COT 2019  |p 5657999  |r 2023-12-01  |s 2023-10-23  |t 2  |v 25929.00  |w 2023-07-10  |y BK  |k LIT 
952 |0 0  |1 0  |2 ddc  |4 0  |6 378_170281000000000_COT_2019  |7 0  |8 A  |9 590803  |a BIBEDU  |b BIBEDU  |c GEN  |d 2023-07-10  |e 3  |g 25929.00  |i 5657998  |o 378.170281 COT 2019  |p 5657998  |r 2023-07-10  |t 1  |v 25929.00  |w 2023-07-10  |y BK  |k LIT